All foreign players FC Groningen - Statistics

General Stats
  • This quiz has been taken 34 times
    32 since last reset
  • The average score is 44 of 168
Answer Stats
Hint Answer % Correct
Juninho Bacuna
94%
Leandro Bacuna
94%
Luis Suárez
78%
Isak Määttä
72%
Jørgen Strand Larsen
72%
Kasper Larsen
67%
Ritsu Dōan
67%
Dušan Tadić
61%
Marvin Peersman
61%
Tim Matavž
61%
Alexander Sørloth
56%
Filip Kostić
56%
Albert Rusnák
50%
Eric Botteghin
50%
Johan Hove
50%
Ko Itakura
50%
Marco Rente
50%
Samir Memišević
50%
Tomáš Suslov
50%
Andreas Granqvist
44%
Cyril Ngonge
44%
Erik Nevland
44%
Jachinio Antonia
44%
Luciano
44%
Luciano Valente
44%
Marcus Berg
44%
Noam Emeran
44%
Ricardo Pepi
44%
Ahmed El Messaoudi
39%
Ajdin Hrustić
39%
Daleho Irandust
39%
Damil Dankerlui
39%
Faysal El-Idrissi
39%
Florian Krüger
39%
Gabriel Gudmundsson
39%
Kristian Lien
39%
Lars Veldwijk
39%
Mimoun Mahi
39%
Oussama Idrissi
39%
Paulos Abraham
39%
Ramon-Pascal Lundqvist
39%
Rasmus Lindgren
39%
Ruben Jenssen
39%
Simon Tibbling
39%
Tim Handwerker
39%
Tim Sparv
39%
Tjaronn Chery
39%
Charlison Benschop
33%
Gibril Sankoh
33%
Julian Chabot
33%
Matěj Chaluš
33%
Oliver Antman
33%
Oluwafemi Ajilore
33%
Petter Andersson
33%
Sam Schreck
33%
Aimar Sher
28%
Angelo Cijntje
28%
Carlos Antuna
28%
Dino Islamović
28%
Emmanuel Matuta
28%
Evgeniy Levchenko
28%
Fandi Ahmad
28%
Goran Lovre
28%
Hyun-Jun Suk
28%
Jason Davidson
28%
Keld Pedersen
28%
Mads Bech
28%
Mateo Cassierra
28%
Mo El Hankouri
28%
Nicklas Pedersen
28%
Stéfano Magnasco
28%
Todd Kane
28%
Abel Tamata
22%
Ahmad Mendes Moreira
22%
Alex Mortensen
22%
Andraž Kirm
22%
Bjarne Jensen
22%
Darryl Lachman
22%
David Texeira
22%
Elias Olsson
22%
Fredrik Stenman
22%
Glen Salmon
22%
Gonzalo
22%
Hugo
22%
Joel Asoro
22%
Jonas Ivens
22%
Karsten Jensen
22%
Krisztián Adorján
22%
Luis Pedro
22%
Mariano Bombarda
22%
Marin Šverko
22%
Matías Cahais
22%
Matías Jones
22%
Milko Đurovski
22%
Peter Sørensen
22%
Richairo Živković
22%
Rob McDonald
22%
Sepp De Roover
22%
Thomas Enevoldsen
22%
Yahya Kalley
22%
Ali Boussaboun
17%
Bruno Silva
17%
David Browne
17%
Desevio Payne
17%
Emil Johansson
17%
Kevin Begois
17%
Leonardo
17%
Leon Kantelberg
17%
Magnus Johansson
17%
Miguel Leal
17%
Morten Nordstrand
17%
Norair Aslanyan
17%
Sebastian Tounekti
17%
Shkodran Metaj
17%
William Troost-Ekong
17%
Alexander Cristovão
11%
Anton Jongsma
11%
Daishawn Redan
11%
Dejan Čurović
11%
Gary Brooke
11%
Görkem Can
11%
Heinz Libuda
11%
Helmut Fottner
11%
Jacob Gregersen
11%
Jafar Arias
11%
Jan Nordström
11%
Joey Harðarson
11%
Jussi Nuorela
11%
Kassim Bizimana
11%
Lucian Ilie
11%
Magno
11%
Marian Chlad
11%
Mathias Florén
11%
Mile Krstev
11%
Nicolò Pozzebon
11%
Ole Fritsen
11%
Ondřej Švejdík
11%
Paul Aabling
11%
Paul Mason
11%
Pedro Kamata
11%
Per Kristian Bråtveit
11%
Pius Ikedia
11%
Rolf Landerl
11%
Sammy Morgan
11%
Serdar Öztürk
11%
Shutlan Axwijk
11%
Steve Goble
11%
Abdel El Ouazzane
6%
Amir Absalem
6%
Andrey Zygmantovich
6%
Atilay Batbay
6%
Bert Zimmerman
6%
Chris De Witte
6%
Damíán Andermatten
6%
Donovan Slijngard
6%
Gábor Torma
6%
Hristijan Denkovski
6%
Jannik Holmsgaard
6%
Luizinho
6%
Mario Rodriguez
6%
Mattias Rosén
6%
Nicklas Strunck Jakobsen
6%
Njazi Kuqi
6%
Ray Fränkel
6%
Rob Hilbers
6%
Sergio Van Dijk
6%
Sixto Rovina
6%
Ulrich Wilson
6%
No matching quizzes found
Score Distribution
Percent of People with Each Score
Percentile by Number Answered
Your Score History
You have not taken this quiz since the last reset